| 000 | 00363cam a2200145ua 4500 | ||
|---|---|---|---|
| 041 |
_aeng _h |
||
| 082 |
_a691 _bBUL/PL |
||
| 100 | _aBulatov, A . | ||
| 245 |
_aPlugging materials and cementing of wells / _cA.Bulatov. _hTextual Documents |
||
| 260 |
_aMoscow : _bMir publishers , _c1982. |
||
| 300 | _a295 ; . | ||
| 504 | _a | ||
| 942 | _cBK | ||
| 999 |
_c8549 _d8549 |
||